00470 a2200169 450000100060000008200170000609000170002310000170004024500270005725000060008426000350009030000140012550000170013994200270015699900190018395200980020292062 a891.4393 NIG c44022d44021 aNighat Seema aMuhabbat tum ne kab ki a1 aLahorebAbdullah Academyc2011 a360p.bHb aGeneral Book aCAE NUSTk891.4393 NIG c327135d327135 001040708NFICaCAEbCAEd2017-04-03l0o891.4393 NIGpCAE88446r2017-04-05w2017-04-05yBK